000 00676nam a2200205Ii 4500
003 JO-AjNU
008 230605s9999||||xx |||||||||||||| ||und||
040 _aJO-AjNU
_bara
_erda
_cJO-AjNU
041 _aara
050 1 4 _aHV 9192.3.A5.J8622 1984
100 3 _aاسماعيل، عزت سيد ...وآخروون ؛ تحرير: عزت سيد اسماعيل,
_eauthor
_97942
245 0 0 _aجنوح الاحداث
250 _aط1
264 3 1 _aالكويت: وكالة المطبوعات،1984
300 _a400ص
336 _atext
_btxt
_2rdacontent
337 _aunmediated
_bn
_2rdamedia
338 _avolume
_bnc
_2rdacarrier
650 4 _aالاحداث - انحراف
_97943
999 _aA534
_c4102
_d4102